Practical longitudinal data analysis
সংরক্ষণ করুন:
| প্রধান লেখক: | , |
|---|---|
| বিন্যাস: | গ্রন্থ |
| ভাষা: | ইংরেজি |
| প্রকাশিত: |
Boca Ratón
Chapman and Hall
1999
|
| মালা: | Texts in Statistical Science Series
|
| বিষয়গুলি: | |
| ট্যাগগুলো: |
ট্যাগ যুক্ত করুন
কোনো ট্যাগ নেই, প্রথমজন হিসাবে ট্যাগ করুন!
|
MARC
| LEADER | 00000nam a2200000 a 4500 | ||
|---|---|---|---|
| 001 | UCP6280 | ||
| 003 | CL-VaPUC | ||
| 008 | 991021e19990000US |||||||||||||||||eng|d | ||
| 082 | 0 | 4 | |a 519.535 |b HAN |2 21 |
| 100 | |a Hand, David J |e author |9 496548 | ||
| 700 | 0 | |a Crowder, Martin |e author |9 435281 | |
| 245 | 1 | 0 | |a Practical longitudinal data analysis |
| 300 | |a 232 p | ||
| 942 | |c BK | ||
| 945 | |d 19991021 00:00:00 |a rbrito | ||
| 260 | |a Boca Ratón |b Chapman and Hall |c 1999 | ||
| 650 | 0 | |a Estadísticas matemáticas |9 335044 | |
| 650 | 0 | |a Estadísticas |9 258644 | |
| 650 | 7 | |a REGRESION |2 CL-VaPUC |9 435282 | |
| 583 | |a last modification |c 19991021 00:00:00 |k Rodrigo Vera | ||
| 490 | 0 | |a Texts in Statistical Science Series | |
| 999 | |c 283877 |d 283875 | ||
| 952 | |0 0 |1 0 |4 0 |6 519_535000000000000_HAN_1999 |7 0 |8 A |9 327396 |a BIBGIM |b BIBGIM |d 2019-11-20 |i 3571254 |o 519.535 HAN 1999 |p 3571254 |r 2025-01-15 |w 2019-11-20 |y BK |k EST | ||